MDQL
is popping MORE tags! Check the
thread
!
Quizzes
Events
Quiz Creation
Community
Videos
Private Events
Remove Ads
Sign In
Join for FREE
Feedback
Dark Mode
Quiz Categories
Sports
Geography
Music
Movies
Television
Just For Fun
Miscellaneous
History
Literature
Language
Science
Gaming
Entertainment
Religion
Holiday
For Kids
Quiz Lab
Recent
Popular Today
Quiz Kudos Today
Editor Picks
Curator Picks
Quizzes by...
Day
Popularity
Type
Ratings
Length
Year
Community
Subscriptions
Recent Discussions
Orange Saloon
Badges
Playlists
Quests
Create
Leaderboards
Showdown
Live 5
Trivia Bingo
Activity
Puzzle Library
Sporcle Events
Private Events
Virtual Trivia
Globe League
Become a Host
Pub Owners
SporcleCon
Opinionation
Our Games
Videos
Blog
Mobile Apps
Partnerships
Remove Ads and Go Orange
Feedback
Geography
Country
Landmarks
City
State
Population
World
Capital
Continent
Flags
Europe
Africa
Asia
South America
North America
Oceania
Border
Canada
United Kingdom
Topography
United States
Geography
Country
Landmarks
City
State
Population
World
Capital
Continent
Flags
Europe
Africa
Asia
South America
North America
Oceania
Border
Canada
United Kingdom
Topography
United States
Random Quiz
Search Sporcle
×
Quiz Lab
Quiz Lab
Geography
Clickable
Select answers by clicking on text or image buttons
Select answers by clicking on text or image buttons
Clickable
Best Score? Go Orange.
Drives on the Left (Clickable) Stats
Can you pick the countries that drive on the left hand side of the road?
By
Cryptus
5m
54 Questions
642 Plays
642 Plays
642 Plays
Comments
Comments
Give Quiz Kudos
Give Quiz Kudos
-
- Ratings
hide this ad
Replay
Link that replays current quiz
Next Quiz
Link to next quiz in quiz playlist
You Got
0%
They Got
Avg Score
83%
Avg Friend Score
Upgrade to see
Score Distribution
Jump to the score distribution portion of the page
Score
0/54
Timer
05:00
0
Plays Today
% Correct
Australia
97.4%
New Zealand
96.3%
United Kingdom
96.3%
India
92.7%
Ireland
92.5%
South Africa
92.5%
Bahamas
91.6%
Barbados
90.7%
Saint Vincent and the Grenadines
90.3%
Antigua and Barbuda
89.9%
Saint Kitts and Nevis
89.7%
Saint Lucia
89.4%
Singapore
88.5%
Jamaica
88.3%
Fiji
88.2%
Grenada
87.5%
Sri Lanka
87.5%
Trinidad and Tobago
86.6%
Kenya
86%
Solomon Islands
85.8%
Zimbabwe
85.8%
Bangladesh
85.2%
Lesotho
85%
Papua New Guinea
85%
Malaysia
84.6%
Swaziland
84.1%
Tonga
84%
% Correct
Maldives
83.6%
Samoa
83.5%
Zambia
83.5%
Malta
83.3%
Namibia
83.2%
Botswana
83.2%
Dominica
83%
Tanzania
82.9%
Seychelles
81.8%
Pakistan
81.6%
Mauritius
81.3%
Tuvalu
80.7%
Nauru
80.4%
Brunei
79.9%
Uganda
79.8%
Japan
79.6%
Kiribati
79.4%
Cyprus
77.9%
Malawi
77.7%
Nepal
76.8%
Guyana
76.5%
Mozambique
72.1%
Indonesia
72.1%
Bhutan
71%
Thailand
69.2%
Timor-Leste
68.7%
Suriname
55.3%
Quiz Playlist
Details
Report
Send in Message
Add To Playlist
Clickable:
Select answers by clicking on text or image buttons
Quiz Source
Last Updated: Feb 16, 2017
Quiz Scoreboard
CHALLENGE
Sign Up to Join the Scoreboard
Show All
Scores
Hide
Comments
May contain spoilers
Recently Published
Colored Red Africa Blitz
by spor1
Geography
30s
Find the 'City' Movie
by crazypaving
Movies
60s
5x2 Blitz: Bands
by SL_Kpop136
Music
30s
More to Explore
Quiz From the Vault
Featured Blog Post
14 Easter Pick-up Lines to Find Eggs With
hide this ad
You Might Also Like...
Tags
Clickable Quiz
Country Quiz
Drive
Today's Top Quizzes in Geography
Browse Geography
hide this ad
Today's Top Quizzes in Clickable
Browse Clickable
Top Contributed Quizzes in Geography
1
Colored Red Europe Blitz I
2
Countries of the World - No Outlines Minefield
3
Colored Red Africa Blitz II
4
Colored Red Europe Blitz II
5
Colored Red Europe Blitz III
6
Colored Red Africa Blitz III
7
Colored Red States Blitz I
8
Colored Red States Blitz II
9
Lietuvos savivaldybės (Lithuanian Municipalities)
10
A Different View: World Oceans
Explore More
Trending Topics
Marvel
Kpop
NBA
Anime
Disney
Harry Potter
Crossword
The Office
Soccer
NFL
Pokémon
Puzzle
WWE
Country
Song
hide this ad
More By:
Cryptus
Quiz
Plays
Rating
Category
Featured
Created
Top 100 Surnames (U.K.)
152,255
4.59
Miscellaneous
Apr 6, 2010
Common Beginnings: English League FC
72,725
4.60
Sports
Sep 14, 2011
Quick Prime Number Click
57,884
4.37
Just For Fun
Mar 2, 2016
Click the Trees
57,224
4.14
Science
Sep 17, 2012
London Underground Termini
52,840
4.15
Geography
Sep 29, 2009
Go to Creator's Profile
Score Distribution
Quiz Creator Spotlight
Cryptus
Follow
Send a Message
Quizzes Created
-
Created Quiz Play Count
-
More By This Creator
Popular Quizzes Today
1
Colored Red Africa Blitz
2
Find the 'City' Movie
3
5x2 Blitz: Bands
4
Find the US States - No Outlines Minefield
5
The Countries of the World
6
Find the US States
7
US States
8
Find the Countries of Europe - No Outlines Minefield
More Geography Quizzes
Indian States Capitals
Quiz Lab
Trending Quizzes
Colored Red Europe Blitz I
Colored Red Europe Blitz II
Colored Red Africa Blitz II
Colored Red Europe Blitz III
Colored Red Africa Blitz III
Recently Updated
How Do You Spell That?
pecheneg
Godzilla Movies
pecheneg
Grab Bag: 4-10 Letters
pecheneg
2024 March Madness Bracket
pecheneg
Famous TV Couples
Peacemaker
Champions League XIs: Real Madrid
pecheneg
Largest US Cities 1790-2010
pecheneg
Rides in Walt Disney World
pecheneg
Most Oscar Losses (Acting)
pecheneg
Beyoncé Albums
pecheneg
Trending Topics
Anime
Kpop
Marvel
Disney
Harry Potter
Crossword
NBA
Puzzle
Country
The Office
WWE
Pokémon
NFL
Song
Soccer
Your Account Isn't Verified!
In order to create a playlist on Sporcle, you need to verify the email address you used during registration. Go to your
Sporcle Settings
to finish the process.
Report this User
Report this user for behavior that violates our
Community Guidelines
.
Details:
Send Report
Go to the Sporcle.com Mobile Site →
Comments